Κατάλογος Βιβλιοθηκών Mediterranean College

Αειφορία και Εναλλακτικός Τουρισμος / Αγροτουρισμός - Ορεινός Τουρισμός - Οικοτουρισμός - Πολιτιστικός Τουρισμός (Record no. 9780)

MARC details
000 -LEADER
fixed length control field 01730cam a22001934a 4500
005 - ΗΜΕΡΟΜΗΝΙΑ ΚΑΙ ΩΡΑ ΤΕΛΕΥΤΑΙΑΣ ΕΝΗΜΕΡΩΣΗΣ
Πεδίο ελέγχου 20250605163722.0
008 - FIXED-LENGTH DATA ELEMENTS--GENERAL INFORMATION
Πεδίο ελέγχου σταθερού μήκους 250528s ||||||||||||||||||||||||d
035 ## - SYSTEM CONTROL NUMBER
System control number 24959
020 ## - ISBN
ISBN 9789603517740
040 ## - ΠΗΓΗ ΚΑΤΑΛΟΓΟΓΡΑΦΗΣΗΣ
Φορέας πρωτότυπης καταλογογράφησης MC Athens Campus Library
Γλώσσα καταλογογράφησης Ελληνικά, Μοντέρνα (1453-)
Modifying agency MC Athens Campus Library
Κανόνες περιγραφικής καταλογογράφησης AACR2
245 1# - ΤΙΤΛΟΣ ΚΑΙ ΔΗΛΩΣΗ ΥΠΕΥΘΥΝΟΤΗΤΑΣ
Τίτλος Αειφορία και Εναλλακτικός Τουρισμος / Αγροτουρισμός - Ορεινός Τουρισμός - Οικοτουρισμός - Πολιτιστικός Τουρισμός
260 ## - PUBLICATION, DISTRIBUTION, ETC.
Name of publisher, distributor, etc. Σταμούλης Α,
Date of publication, distribution, etc. 2008
300 ## - PHYSICAL DESCRIPTION
Extent 347
520 ## - SUMMARY, ETC.
Summary, etc. Στο βιβλίο αυτό παρουσιάζεται ένα ολοκληρωμένο φάσμα εννοιών, χαρακτηριστικών και πρακτικών των Εναλλακτικών Μορφών Τουρισμού. Εισαγωγή, Αειφορία και Τουρισμός, Βασικές Έννοιες και Χαρακτηριστικά του Εναλλακτικού Τουρισμού, Επιπτώσεις του Εναλλακτικο΄υ Τουρισμού, Αγροτουρισμός, Οικοτουρισμός, Ορεινός Τουρισμός, Διαχείριση και Πολιτική Πολιτιστικού Τουρισμού, Εναλλακτικός Τουρισμός και Κρατική Παρέμβαση και Επιχειρηματικότητα και Ευρωπαϊκή Ένωση, Ο Όρος Αειφόρος Ανάπτυξη στην Ελληνική Τουριστική Εκπαίδευση, Επιλογος, Συμπεράσματα, Παραρτήματα, Αναφορέ, Ευρετήριο.
700 1# - ΠΡΟΣΘΕΤΗ ΑΝΑΓΡΑΦΗ--ΦΥΣΙΚΟ ΠΡΟΣΩΠΟ
Personal name Ανδριώτης Κωνσταντίνος
942 ## - ADDED ENTRY ELEMENTS (KOHA)
Koha item type Books
Holdings
Τύπος τεκμηρίου Βιβλιοθήκη Τρέχουσα τοποθεσία Barcode Ημερομηνία απόκτησης Ταξιθετικό σύμβολο Αριθμός αντιτύπου Κατάσταση απόσυρσης Κατάσταση χαμένου Κατάσταση κατεστραμμένου Μη δανεισμός Σύνολο δανεισμών Ημερομηνία τελευταίας εμφάνισης Η τιμή ισχύει από
Books MC Thessaloniki Campus Library MC Thessaloniki Campus Library 9780000097798 05/06/2025 338.4791 ΑΝΔ 1           05/06/2025 05/06/2025

MC Athens Campus Library
Πατησίων 94 & Κοδριγκτώνος 13, 104 34
Πελλήνης 8 & Πατησίων 107, 112 51
Τ: +30 210 8899600

MC Thessaloniki Campus Library
Ίωνος Δραγούμη 21, 54625 | Ίωνος Δραγούμη 15, 54625
Τ: +30 2310 287779 – Τ: +30 2314 440300